[Event "DVM U20 2018"]
[Site "Osnabrück GER"]
[Date "2018.12.28"]
[Round "3"]
[White "Wagner, Benjamin"]
[Black "Wanner, Lukas"]
[Result "1-0"]
[Termination "normal"]
[Board "2.4"]
[WhiteElo "2051"]
[BlackElo "2037"]
[WhiteClock "01:04:51"]
[BlackClock "00:39:06"]
[WhiteTeam "SG Aufbau Elbe Magdeburg"]
[BlackTeam "SK Doppelbauer Kiel"]
[PlyCount "67"]
[WhiteFideId "12957330"]
[BlackFideId "12918148"]
[EventCountry "GER"]
[EventRounds "7"]
[EventType "team-swiss"]
[EventDate "2018.12.26"]

1. e4 c5 2. Nf3 d6 3. d4 cxd4 4. Nxd4 Nf6 5. Nc3 g6 6. Be3 Bg7 7. f3 O-O 8. Qd2
Nc6 9. Bc4 Bd7 10. O-O-O Rc8 11. Bb3 Ne5 12. Kb1 b5 13. Ndxb5 a6 14. Na3 Re8
15. Bh6 Bh8 16. h4 Nh5 17. g4 Nxf3 18. Qg2 Bxg4 19. Qxg4 Ne5 20. Qg2 Qa5 21.
Ne2 Rb8 22. Nf4 Nxf4 23. Bxf4 Qb4 24. h5 e6 25. hxg6 fxg6 26. Qh3 Re7 27. Bxe6+
Rxe6 28. Qxh7+ Kf8 29. Qxh8+ Ke7 30. Rh7+ Nf7 31. Bg5+ Kd7 32. Rxf7+ Kc6 33.
Qd4 Qxa3 34. Qd5+ 1-0

[Event "DVM U20 2018"]
[Site "Osnabrück GER"]
[Date "2018.12.28"]
[Round "3"]
[White "Rieper, Julian"]
[Black "Röhr, Tobias"]
[Result "0-1"]
[Termination "normal"]
[Board "2.5"]
[WhiteElo "2058"]
[BlackElo "2189"]
[WhiteClock "00:48:58"]
[BlackClock "00:45:04"]
[WhiteTeam "SK Doppelbauer Kiel"]
[BlackTeam "SG Aufbau Elbe Magdeburg"]
[PlyCount "80"]
[WhiteFideId "12936960"]
[BlackFideId "12963089"]
[EventCountry "GER"]
[EventRounds "7"]
[EventType "team-swiss"]
[EventDate "2018.12.26"]

1. e4 c5 2. Nf3 Nc6 3. d4 cxd4 4. Nxd4 Qb6 5. Nb3 Nf6 6. Nc3 e6 7. Be3 Qc7 8.
Qf3 Bb4 9. O-O-O Bxc3 10. bxc3 b6 11. Bf4 e5 12. Bh6 O-O 13. Qg3 Ne8 14. Kb1 a5
15. Nd2 Ne7 16. Nc4 Ng6 17. Bc1 Ba6 18. Ne3 Nf6 19. Nd5 Nxd5 20. exd5 Rfc8 21.
Bb2 Bxf1 22. Rhxf1 b5 23. Rfe1 b4 24. Re3 Rab8 25. Kc1 Qc4 26. Qf3 Qxa2 27. Qe4
Rc4 28. Qf5 bxc3 29. Bxc3 Rbc8 30. Rdd3 Nf4 31. Qxe5 Nxd3+ 32. Rxd3 f6 33. Qg3
Qa3+ 34. Kd2 Qc5 35. h4 a4 36. h5 h6 37. Bxf6 Rxc2+ 38. Kd1 Rc1+ 39. Ke2 Re8+
40. Kf3 Qf8 0-1

[Event "DVM U20 2018"]
[Site "Osnabrück GER"]
[Date "2018.12.28"]
[Round "3"]
[White "von Angern, Cedric"]
[Black "Karlisch, Moritz"]
[Result "1-0"]
[Termination "normal"]
[Board "2.6"]
[WhiteElo "1760"]
[BlackElo "1864"]
[WhiteClock "01:06:27"]
[BlackClock "00:30:32"]
[WhiteTeam "SG Aufbau Elbe Magdeburg"]
[BlackTeam "SK Doppelbauer Kiel"]
[PlyCount "69"]
[WhiteFideId "12921106"]
[BlackFideId "12964859"]
[EventCountry "GER"]
[EventRounds "7"]
[EventType "team-swiss"]
[EventDate "2018.12.26"]

1. e4 e6 2. d4 d5 3. Nd2 Nf6 4. e5 Nfd7 5. Bd3 c5 6. c3 Nc6 7. Ndf3 cxd4 8.
cxd4 f6 9. exf6 Nxf6 10. Nh3 Bd6 11. O-O Qc7 12. Re1 O-O 13. Nhg5 e5 14. dxe5
Nxe5 15. Bxh7+ Nxh7 16. Nxe5 Nxg5 17. Bxg5 Be6 18. Qe2 Rae8 19. Rac1 Qb6 20.
Bh4 Rf4 21. Qh5 Qb5 22. Bg3 Re4 23. f3 Rxe1+ 24. Rxe1 d4 25. Qg6 Bxa2 26. Qxd6
Qxb2 27. Bf2 d3 28. Nxd3 Rxe1+ 29. Bxe1 Qe2 30. Qd4 Bb1 31. Bc3 Qe7 32. Nf4 b5
33. Nh5 g6 34. Nf6+ Kf8 35. Bb4 1-0

[Event "DVM U20 2018"]
[Site "Osnabrück GER"]
[Date "2018.12.28"]
[Round "3"]
[White "Geltz, Noah"]
[Black "Böhning, Kilian"]
[Result "0-1"]
[Termination "normal"]
[Board "3.1"]
[WhiteElo "1991"]
[BlackElo "2097"]
[WhiteClock "00:20:31"]
[BlackClock "00:16:33"]
[WhiteTeam "SF HN-Biberach 1978 e.V."]
[BlackTeam "Hagener SV"]
[PlyCount "90"]
[WhiteFideId "16224256"]
[BlackFideId "1270499"]
[EventCountry "GER"]
[EventRounds "7"]
[EventType "team-swiss"]
[EventDate "2018.12.26"]

1. c4 {[%clk 1:30:52]} f5 {[%clk 1:31:07]} 2. g3 {[%clk 1:30:56]} Nf6 3. Nc3
{[%clk 1:30:56]} g6 {[%clk 1:31:22]} 4. Bg2 {[%clk 1:31:10]} Bg7 {[%clk
1:31:45]} 5. d3 {[%clk 1:30:43]} O-O {[%clk 1:32:06]} 6. Rb1 c6 7. e4 {[%clk
1:28:49]} d6 {[%clk 1:28:38]} 8. Nge2 {[%clk 1:14:29]} e5 {[%clk 1:21:48]} 9.
f4 Na6 {[%clk 1:13:37]} 10. O-O {[%clk 1:09:34]} Ng4 {[%clk 1:07:50]} 11. h3
{[%clk 1:04:58]} Qb6+ {[%clk 1:00:44]} 12. d4 {[%clk 1:04:49]} exd4 {[%clk
0:50:37]} 13. Na4 Qa5 {[%clk 0:50:26]} 14. Bd2 {[%clk 1:02:35]} Qc7 {[%clk
0:45:20]} 15. hxg4 fxe4 {[%clk 0:43:53]} 16. Bxe4 {[%clk 1:00:57]} Bxg4 {[%clk
0:44:14]} 17. b3 Qe7 18. Bd3 {[%clk 0:47:00]} Rae8 {[%clk 0:21:39]} 19. Rf2
{[%clk 0:43:28]} Qd7 {[%clk 0:20:21]} 20. Qc2 b5 {[%clk 0:14:13]} 21. cxb5
{[%clk 0:34:48]} cxb5 {[%clk 0:12:00]} 22. b4 {[%clk 0:32:38]} Rc8 23. Qd1
{[%clk 0:28:44]} Nc7 {[%clk 0:09:28]} 24. Nb2 {[%clk 0:27:34]} Nd5 {[%clk
0:07:57]} 25. Be4 {[%clk 0:16:07]} Nc3 {[%clk 0:05:20]} 26. Bxc3 {[%clk
0:15:46]} dxc3 {[%clk 0:05:27]} 27. Qb3+ {[%clk 0:15:10]} Kh8 {[%clk 0:05:16]}
28. Nd1 {[%clk 0:11:54]} d5 {[%clk 0:05:18]} 29. Bd3 {[%clk 0:11:47]} d4 {[%clk
0:05:09]} 30. Rc1 {[%clk 0:11:18]} Rfe8 {[%clk 0:03:58]} 31. Rh2 {[%clk
0:10:40]} Be6 {[%clk 0:02:17]} 32. Qc2 {[%clk 0:08:59]} Kg8 {[%clk 0:02:36]}
33. Nf2 {[%clk 0:06:15]} Bc4 {[%clk 0:02:42]} 34. Rd1 {[%clk 0:05:00]} Re3
{[%clk 0:01:11]} 35. Nc1 {[%clk 0:01:38]} Rxg3+ {[%clk 0:01:19]} 36. Rg2 {[%clk
0:02:00]} Rxg2+ {[%clk 0:01:24]} 37. Kxg2 {[%clk 0:02:29]} Qf7 {[%clk 0:01:38]}
38. Nh3 {[%clk 0:02:08]} Re8 {[%clk 0:01:52]} 39. Kg1 {[%clk 0:01:23]} Re3
{[%clk 0:02:04]} 40. Bxc4 {[%clk 0:00:50]} bxc4 {[%clk 0:02:11]} 41. Qg2 c2
{[%clk 0:20:26]} 42. Rf1 {[%clk 0:28:55]} d3 {[%clk 0:20:17]} 43. Ng5 {[%clk
0:28:36]} Qd7 {[%clk 0:19:51]} 44. Nf3 {[%clk 0:21:58]} Qd5 {[%clk 0:17:19]}
45. Rf2 {[%clk 0:20:31]} Rxf3 {[%clk 0:16:33]} 0-1

[Event "DVM U20 2018"]
[Site "Osnabrück GER"]
[Date "2018.12.28"]
[Round "3"]
[White "Balazs, Balint"]
[Black "Hoffmann, Jens"]
[Result "1-0"]
[Termination "normal"]
[Board "3.2"]
[WhiteElo "2105"]
[BlackElo "2000"]
[WhiteClock "00:20:27"]
[BlackClock "00:10:45"]
[WhiteTeam "Hagener SV"]
[BlackTeam "SF HN-Biberach 1978 e.V."]
[PlyCount "105"]
[WhiteFideId "12922757"]
[BlackFideId "12946320"]
[EventCountry "GER"]
[EventRounds "7"]
[EventType "team-swiss"]
[EventDate "2018.12.26"]

1. d4 Nf6 2. Nf3 {[%clk 1:30:54]} e6 {[%clk 1:29:58]} 3. e3 {[%clk 1:30:23]} c5
{[%clk 1:29:20]} 4. c3 {[%clk 1:30:17]} d5 {[%clk 1:26:39]} 5. Nbd2 {[%clk
1:21:23]} cxd4 {[%clk 1:22:55]} 6. exd4 {[%clk 1:14:54]} Nbd7 {[%clk 1:22:07]}
7. Bd3 {[%clk 1:14:45]} Bd6 {[%clk 1:19:44]} 8. O-O {[%clk 1:14:59]} O-O {[%clk
1:20:09]} 9. Qe2 {[%clk 1:13:46]} Qc7 {[%clk 1:08:18]} 10. Re1 {[%clk 1:10:02]}
Nh5 {[%clk 0:45:06]} 11. g3 {[%clk 1:09:58]} Nhf6 {[%clk 0:32:32]} 12. Ne5
{[%clk 1:08:40]} a6 {[%clk 0:31:14]} 13. f4 {[%clk 1:08:36]} b5 {[%clk
0:30:47]} 14. g4 {[%clk 1:08:07]} b4 {[%clk 0:21:49]} 15. Qf3 {[%clk 0:33:05]}
Bb7 {[%clk 0:17:22]} 16. g5 {[%clk 0:28:36]} bxc3 {[%clk 0:15:34]} 17. bxc3
{[%clk 0:27:53]} Ne4 {[%clk 0:13:03]} 18. Nxd7 {[%clk 0:27:27]} Qxd7 {[%clk
0:12:51]} 19. Nxe4 {[%clk 0:27:38]} dxe4 {[%clk 0:13:09]} 20. Bxe4 {[%clk
0:28:04]} Bxe4 {[%clk 0:13:18]} 21. Qxe4 {[%clk 0:28:24]} Rac8 {[%clk 0:13:14]}
22. Bd2 {[%clk 0:28:19]} Qc6 {[%clk 0:11:05]} 23. Qxc6 {[%clk 0:28:39]} Rxc6
{[%clk 0:11:31]} 24. Rab1 {[%clk 0:28:54]} Rfc8 {[%clk 0:10:29]} 25. Kf2 {[%clk
0:23:52]} Bc7 {[%clk 0:08:29]} 26. Ke2 {[%clk 0:23:47]} Ba5 {[%clk 0:08:32]}
27. Rec1 {[%clk 0:24:11]} Kf8 {[%clk 0:05:21]} 28. Kd3 {[%clk 0:24:31]} Rc4
{[%clk 0:03:29]} 29. Rb7 {[%clk 0:21:55]} R4c6 {[%clk 0:03:28]} 30. Rc2 {[%clk
0:21:02]} Ke8 {[%clk 0:01:59]} 31. Rb3 {[%clk 0:19:36]} Kd7 {[%clk 0:01:28]}
32. Ra3 {[%clk 0:19:23]} Bc7 {[%clk 0:00:34]} 33. c4 {[%clk 0:19:11]} f6 {[%clk
0:00:36]} 34. gxf6 {[%clk 0:18:14]} gxf6 {[%clk 0:01:05]} 35. f5 {[%clk
0:18:10]} exf5 {[%clk 0:00:38]} 36. d5 {[%clk 0:18:19]} Rb6 {[%clk 0:00:45]}
37. Be3 {[%clk 0:18:26]} Rb1 {[%clk 0:00:46]} 38. Rxa6 {[%clk 0:18:22]} f4
{[%clk 0:00:54]} 39. Bf2 {[%clk 0:17:41]} Re8 {[%clk 0:00:34]} 40. Rxf6 {[%clk
0:16:51]} Ba5 {[%clk 0:00:44]} 41. Rf7+ {[%clk 0:15:24]} Kd6 {[%clk 0:26:50]}
42. Rf6+ {[%clk 0:44:46]} Kd7 {[%clk 0:19:50]} 43. c5 {[%clk 0:41:10]} Rd1+
{[%clk 0:20:11]} 44. Kc4 {[%clk 0:41:33]} Re4+ {[%clk 0:19:53]} 45. Kb5 {[%clk
0:41:47]} Bd8 {[%clk 0:19:52]} 46. Rd6+ {[%clk 0:34:29]} Kc7 {[%clk 0:19:31]}
47. Rb2 {[%clk 0:34:32]} Rd3 {[%clk 0:15:27]} 48. a4 {[%clk 0:32:02]} Ra3
{[%clk 0:14:34]} 49. Ra6 {[%clk 0:30:42]} h5 {[%clk 0:13:31]} 50. Ra7+ {[%clk
0:29:26]} Kb8 {[%clk 0:12:08]} 51. c6 {[%clk 0:27:05]} Bf6 {[%clk 0:10:56]} 52.
Rb1 {[%clk 0:22:41]} Ra2 {[%clk 0:10:45]} 53. Bb6 {[%clk 0:20:27]} 1-0

[Event "DVM U20 2018"]
[Site "Osnabrück GER"]
[Date "2018.12.28"]
[Round "3"]
[White "Triantafillidis, Simeon"]
[Black "Bach, Jannik"]
[Result "1/2-1/2"]
[Termination "normal"]
[Board "3.3"]
[WhiteElo "1955"]
[BlackElo "2034"]
[WhiteClock "00:10:56"]
[BlackClock "00:01:40"]
[WhiteTeam "SF HN-Biberach 1978 e.V."]
[BlackTeam "Hagener SV"]
[PlyCount "77"]
[WhiteFideId "12953113"]
[BlackFideId "24615900"]
[EventCountry "GER"]
[EventRounds "7"]
[EventType "team-swiss"]
[EventDate "2018.12.26"]

1. e4 {[%clk 1:30:54]} c6 {[%clk 1:31:25]} 2. Nc3 {[%clk 1:31:12]} d5 {[%clk
1:31:44]} 3. Nf3 {[%clk 1:31:34]} Bg4 {[%clk 1:32:08]} 4. h3 {[%clk 1:31:56]}
Bh5 {[%clk 1:32:34]} 5. exd5 {[%clk 1:32:14]} cxd5 {[%clk 1:33:01]} 6. g4
{[%clk 1:32:20]} Bg6 {[%clk 1:33:30]} 7. Ne5 {[%clk 1:32:09]} Nc6 {[%clk
1:33:54]} 8. d4 {[%clk 1:32:06]} e6 {[%clk 1:33:53]} 9. h4 {[%clk 1:31:06]} f6
{[%clk 1:32:58]} 10. h5 {[%clk 1:29:10]} Bf7 {[%clk 1:28:49]} 11. Nxf7 {[%clk
1:23:23]} Kxf7 {[%clk 1:21:37]} 12. Be3 {[%clk 1:00:32]} Bb4 {[%clk 1:11:52]}
13. f4 Nge7 {[%clk 1:07:20]} 14. a3 {[%clk 0:47:35]} Bd6 {[%clk 0:55:06]} 15.
Qf3 {[%clk 0:41:37]} Qd7 {[%clk 0:24:50]} 16. O-O-O Na5 {[%clk 0:10:48]} 17.
Nb5 {[%clk 0:21:23]} Nc4 {[%clk 0:05:06]} 18. Nxd6+ {[%clk 0:21:33]} Qxd6
{[%clk 0:04:35]} 19. Bd2 {[%clk 0:18:07]} Nxd2 {[%clk 0:02:27]} 20. Rxd2 {[%clk
0:18:34]} Rab8 {[%clk 0:01:45]} 21. Bd3 {[%clk 0:17:29]} b5 {[%clk 0:01:34]}
22. g5 {[%clk 0:17:21]} b4 {[%clk 0:00:43]} 23. axb4 {[%clk 0:17:09]} Qxb4
{[%clk 0:00:50]} 24. c3 {[%clk 0:17:23]} Qa5 {[%clk 0:00:46]} 25. Re1 {[%clk
0:15:35]} Rb6 {[%clk 0:00:43]} 26. Qg4 {[%clk 0:12:49]} Rc8 {[%clk 0:00:56]}
27. g6+ {[%clk 0:12:48]} hxg6 {[%clk 0:00:49]} 28. hxg6+ {[%clk 0:13:17]} Ke8
{[%clk 0:00:42]} 29. Kd1 {[%clk 0:12:36]} Kd7 {[%clk 0:00:44]} 30. f5 {[%clk
0:12:40]} Rh8 {[%clk 0:00:41]} 31. fxe6+ {[%clk 0:12:53]} Kc7 {[%clk 0:00:41]}
32. Qg3+ {[%clk 0:11:27]} Kb7 {[%clk 0:00:59]} 33. Rc2 {[%clk 0:11:37]} Qa4
{[%clk 0:00:45]} 34. Kd2 Rh5 {[%clk 0:00:42]} 35. c4 {[%clk 0:10:34]} Qa5+
{[%clk 0:00:59]} 36. Kd1 {[%clk 0:10:55]} Qa1+ {[%clk 0:01:01]} 37. Kd2 {[%clk
0:11:23]} Qa5+ {[%clk 0:01:30]} 38. Kd1 {[%clk 0:11:18]} Qa1+ {[%clk 0:01:40]}
39. Kd2 {[%clk 0:10:56]} 1/2-1/2

[Event "DVM U20 2018"]
[Site "Osnabrück GER"]
[Date "2018.12.28"]
[Round "3"]
[White "Fischer, Patrick"]
[Black "Laubrock, Paul"]
[Result "1/2-1/2"]
[Termination "normal"]
[Board "3.5"]
[WhiteElo "1658"]
[BlackElo "1968"]
[WhiteClock "00:18:45"]
[BlackClock "00:24:09"]
[WhiteTeam "SF HN-Biberach 1978 e.V."]
[BlackTeam "Hagener SV"]
[PlyCount "120"]
[WhiteFideId "12953075"]
[BlackFideId "1270509"]
[EventCountry "GER"]
[EventRounds "7"]
[EventType "team-swiss"]
[EventDate "2018.12.26"]

1. e4 {[%clk 1:30:58]} d5 {[%clk 1:30:07]} 2. exd5 {[%clk 1:31:22]} Qxd5 {[%clk
1:30:32]} 3. Nc3 {[%clk 1:31:44]} Qa5 {[%clk 1:30:59]} 4. d4 {[%clk 1:32:01]}
Nf6 {[%clk 1:31:25]} 5. Nf3 {[%clk 1:30:12]} Bg4 {[%clk 1:30:15]} 6. h3 {[%clk
1:30:35]} Bh5 {[%clk 1:29:52]} 7. g4 {[%clk 1:30:59]} Bg6 {[%clk 1:30:20]} 8.
Ne5 {[%clk 1:31:13]} c6 {[%clk 1:30:46]} 9. Bg2 {[%clk 1:30:19]} Nbd7 {[%clk
1:29:35]} 10. Nxd7 {[%clk 1:28:03]} Nxd7 {[%clk 1:29:58]} 11. h4 {[%clk
1:24:34]} h5 {[%clk 1:28:19]} 12. g5 {[%clk 1:18:21]} e6 13. Bd2 {[%clk
1:02:58]} Qb6 {[%clk 1:26:58]} 14. Bc1 Be7 {[%clk 1:20:39]} 15. Be4 {[%clk
0:58:59]} Bxe4 {[%clk 1:17:54]} 16. Nxe4 {[%clk 0:59:24]} O-O-O {[%clk
1:16:38]} 17. c3 {[%clk 0:56:48]} f6 18. Qb3 {[%clk 0:50:54]} Qxb3 {[%clk
1:00:02]} 19. axb3 {[%clk 0:51:16]} a6 20. Be3 {[%clk 0:49:01]} e5 {[%clk
0:58:05]} 21. O-O-O {[%clk 0:49:15]} f5 {[%clk 0:57:34]} 22. Ng3 f4 {[%clk
0:50:18]} 23. Nf5 {[%clk 0:45:35]} Bf8 {[%clk 0:50:39]} 24. Bd2 {[%clk
0:45:59]} g6 {[%clk 0:51:04]} 25. Nh6 {[%clk 0:46:22]} Bxh6 {[%clk 0:51:18]}
26. gxh6 {[%clk 0:46:47]} Rdf8 27. Rhg1 {[%clk 0:42:49]} Rxh6 {[%clk 0:49:58]}
28. Rde1 Rf5 {[%clk 0:42:22]} 29. dxe5 {[%clk 0:42:54]} Nc5 {[%clk 0:42:44]}
30. Kc2 {[%clk 0:40:14]} Ne6 {[%clk 0:39:17]} 31. Re4 {[%clk 0:35:40]} Kd7 32.
b4 {[%clk 0:32:58]} Ke7 {[%clk 0:39:42]} 33. Bc1 {[%clk 0:25:50]} g5 {[%clk
0:36:02]} 34. hxg5 {[%clk 0:25:47]} Rg6 {[%clk 0:36:26]} 35. f3 {[%clk
0:20:19]} Rgxg5 36. Rxg5 {[%clk 0:14:29]} Nxg5 {[%clk 0:17:15]} 37. Rxf4 Rxf4
{[%clk 0:10:41]} 38. Bxf4 {[%clk 0:15:15]} Nxf3 {[%clk 0:11:06]} 39. Kd3 {[%clk
0:15:37]} Ke6 {[%clk 0:11:29]} 40. Ke4 {[%clk 0:15:45]} Nh4 {[%clk 0:11:54]}
41. Kd4 {[%clk 0:11:20]} Ng6 {[%clk 0:12:08]} 42. Bh2 {[%clk 0:11:36]} b6
{[%clk 0:08:29]} 43. Ke4 {[%clk 0:10:34]} Ne7 {[%clk 0:08:50]} 44. Bg1 {[%clk
0:10:13]} Ng6 {[%clk 0:07:31]} 45. Bxb6 Nxe5 {[%clk 0:07:51]} 46. b3 {[%clk
0:02:29]} h4 {[%clk 0:06:46]} 47. Bc7 {[%clk 0:02:42]} Ng6 {[%clk 0:06:17]} 48.
c4 Ne7 {[%clk 0:33:19]} 49. Kf4 {[%clk 0:28:42]} Nf5 {[%clk 0:31:56]} 50. Kg4
{[%clk 0:28:36]} Nd4 51. Kxh4 {[%clk 0:23:54]} Nxb3 {[%clk 0:31:47]} 52. Kg4
{[%clk 0:23:55]} Nd2 {[%clk 0:32:10]} 53. Kf4 {[%clk 0:24:15]} Kd7 {[%clk
0:31:20]} 54. Bb6 {[%clk 0:23:23]} Nxc4 {[%clk 0:31:46]} 55. Bc5 {[%clk
0:23:44]} Ke6 {[%clk 0:29:26]} 56. Ke4 {[%clk 0:22:41]} Nd6+ {[%clk 0:29:43]}
57. Kd4 {[%clk 0:22:00]} Nb7 58. Bb6 {[%clk 0:20:16]} Kd6 {[%clk 0:29:05]} 59.
Kc4 {[%clk 0:20:26]} Ke5 {[%clk 0:29:23]} 60. Bd4+ {[%clk 0:18:45]} Ke4 {[%clk
0:24:09]} 1/2-1/2

[Event "DVM U20 2018"]
[Site "Osnabrück GER"]
[Date "2018.12.28"]
[Round "3"]
[White "Glaser, Maximilian"]
[Black "Späth, René"]
[Result "1-0"]
[Termination "normal"]
[Board "3.6"]
[WhiteElo "1794"]
[BlackElo "1626"]
[WhiteClock "00:11:45"]
[BlackClock "00:38:45"]
[WhiteTeam "Hagener SV"]
[BlackTeam "SF HN-Biberach 1978 e.V."]
[PlyCount "87"]
[WhiteFideId "12956961"]
[BlackFideId "16224272"]
[EventCountry "GER"]
[EventRounds "7"]
[EventType "team-swiss"]
[EventDate "2018.12.26"]

1. d4 {[%clk 1:30:55]} f5 {[%clk 1:30:50]} 2. g3 {[%clk 1:31:04]} Nf6 {[%clk
1:31:11]} 3. Bg2 {[%clk 1:31:27]} g6 {[%clk 1:31:22]} 4. a4 Bg7 {[%clk
1:30:37]} 5. c4 {[%clk 1:31:18]} O-O {[%clk 1:30:14]} 6. a5 c6 {[%clk 1:24:20]}
7. Nc3 {[%clk 1:22:41]} d6 {[%clk 1:23:32]} 8. Nf3 {[%clk 1:22:27]} Nbd7 {[%clk
1:23:28]} 9. O-O {[%clk 1:21:40]} e5 {[%clk 1:22:38]} 10. d5 {[%clk 1:18:40]}
cxd5 11. cxd5 {[%clk 1:18:49]} b6 {[%clk 1:11:49]} 12. Ng5 {[%clk 1:18:32]} Nc5
{[%clk 1:10:51]} 13. b4 {[%clk 1:18:22]} Na6 {[%clk 1:10:06]} 14. Qb3 Rb8
{[%clk 1:06:22]} 15. Ne6 {[%clk 0:59:13]} Bxe6 {[%clk 1:06:44]} 16. dxe6 {[%clk
0:59:39]} Kh8 17. Qc4 {[%clk 0:51:07]} b5 {[%clk 1:03:42]} 18. Qb3 {[%clk
0:46:30]} Nc7 {[%clk 1:03:01]} 19. Bg5 {[%clk 0:40:05]} Qe7 {[%clk 1:00:39]}
20. Bc6 {[%clk 0:31:53]} a6 {[%clk 0:59:05]} 21. Bd7 {[%clk 0:30:04]} h6 {[%clk
0:58:13]} 22. Bxf6 Bxf6 {[%clk 0:58:37]} 23. Rad1 {[%clk 0:30:17]} e4 {[%clk
0:57:56]} 24. Nd5 {[%clk 0:29:46]} Nxd5 {[%clk 0:57:13]} 25. Qxd5 {[%clk
0:30:08]} Be5 {[%clk 0:57:14]} 26. f4 {[%clk 0:28:37]} exf3 {[%clk 0:57:37]}
27. exf3 {[%clk 0:29:02]} f4 {[%clk 0:57:58]} 28. g4 {[%clk 0:24:07]} h5 {[%clk
0:47:16]} 29. gxh5 {[%clk 0:22:45]} gxh5 {[%clk 0:46:14]} 30. Kh1 {[%clk
0:22:51]} Rg8 {[%clk 0:45:44]} 31. Rg1 {[%clk 0:22:31]} h4 {[%clk 0:45:37]} 32.
Qe4 {[%clk 0:18:56]} Qf6 {[%clk 0:42:51]} 33. h3 {[%clk 0:14:22]} Rg3 {[%clk
0:41:48]} 34. Rxg3 {[%clk 0:14:46]} hxg3 {[%clk 0:42:12]} 35. Kg2 {[%clk
0:15:08]} Ba1 {[%clk 0:42:15]} 36. Rd2 {[%clk 0:14:50]} Qe7 {[%clk 0:40:01]}
37. Qxf4 {[%clk 0:14:28]} Be5 {[%clk 0:40:23]} 38. Qg4 {[%clk 0:13:49]} Rg8
{[%clk 0:39:29]} 39. Qh5+ {[%clk 0:13:59]} Kg7 {[%clk 0:39:49]} 40. Re2 {[%clk
0:12:58]} Qf6 {[%clk 0:38:55]} 41. Re4 {[%clk 0:11:57]} Bf4 {[%clk 0:38:31]}
42. Qf7+ {[%clk 0:10:59]} Qxf7 {[%clk 0:38:24]} 43. exf7 {[%clk 0:11:28]} Kxf7
{[%clk 0:38:45]} 44. Be6+ {[%clk 0:11:45]} 1-0

[Event "DVM U20 2018"]
[Site "Osnabrück GER"]
[Date "2018.12.28"]
[Round "3"]
[White "Grohmann, Alexander"]
[Black "Kololli, Martin"]
[Result "0-1"]
[Termination "normal"]
[Board "4.1"]
[BlackTitle "FM"]
[WhiteElo "1985"]
[BlackElo "2343"]
[WhiteClock "00:23:19"]
[BlackClock "00:14:06"]
[WhiteTeam "FVS ASP Hoyerswerda"]
[BlackTeam "Lübecker SV"]
[PlyCount "80"]
[WhiteFideId "12947679"]
[BlackFideId "12936910"]
[EventCountry "GER"]
[EventRounds "7"]
[EventType "team-swiss"]
[EventDate "2018.12.26"]

1. d4 {[%clk 1:30:58]} Nf6 {[%clk 1:30:54]} 2. Nf3 {[%clk 1:31:02]} e6 {[%clk
1:30:43]} 3. b3 {[%clk 1:31:25]} b6 {[%clk 1:30:25]} 4. e3 {[%clk 1:31:43]} Bb7
5. Bb2 Be7 {[%clk 1:27:29]} 6. Bd3 {[%clk 1:32:08]} O-O {[%clk 1:23:15]} 7. O-O
{[%clk 1:32:40]} c5 {[%clk 1:18:29]} 8. Nbd2 {[%clk 1:29:54]} d5 {[%clk
1:12:41]} 9. Ne5 {[%clk 1:24:07]} Nc6 {[%clk 1:13:05]} 10. Nxc6 {[%clk
1:24:31]} Bxc6 {[%clk 1:11:44]} 11. Nf3 {[%clk 1:15:49]} Nd7 {[%clk 1:03:01]}
12. Rc1 {[%clk 1:10:23]} Bf6 {[%clk 0:56:41]} 13. Ne5 {[%clk 1:08:35]} Bxe5
{[%clk 0:44:51]} 14. dxe5 {[%clk 0:48:09]} a5 {[%clk 0:44:36]} 15. f4 {[%clk
0:45:15]} f5 {[%clk 0:39:06]} 16. a4 {[%clk 0:43:00]} Nb8 {[%clk 0:38:58]} 17.
Qe2 {[%clk 0:33:28]} Qc8 {[%clk 0:32:48]} 18. Rf3 {[%clk 0:32:40]} c4 {[%clk
0:33:10]} 19. bxc4 {[%clk 0:32:58]} dxc4 {[%clk 0:33:32]} 20. Bxc4 {[%clk
0:32:58]} Bxf3 {[%clk 0:33:27]} 21. Qxf3 {[%clk 0:30:08]} Na6 {[%clk 0:27:22]}
22. Bb5 {[%clk 0:28:28]} Nc5 {[%clk 0:25:57]} 23. Ba3 {[%clk 0:27:33]} Rd8
{[%clk 0:25:52]} 24. Bc6 {[%clk 0:27:51]} Ra7 25. Bxc5 {[%clk 0:28:12]} bxc5
{[%clk 0:26:12]} 26. c4 {[%clk 0:28:16]} Rd2 {[%clk 0:14:06]} 27. Bb5 {[%clk
0:23:19]} Qb7 {[%clk 0:14:06]} 28. Qxb7 {[%clk 0:23:19]} Rxb7 {[%clk 0:14:06]}
29. Kf1 {[%clk 0:23:19]} Rb8 {[%clk 0:14:06]} 30. Re1 {[%clk 0:23:19]} Rbd8
{[%clk 0:14:06]} 31. Re2 {[%clk 0:23:19]} Rd1+ {[%clk 0:14:06]} 32. Re1 {[%clk
0:23:19]} R1d3 {[%clk 0:14:06]} 33. Re2 {[%clk 0:23:19]} Rb3 {[%clk 0:14:06]}
34. Kf2 {[%clk 0:23:19]} Rd1 {[%clk 0:14:06]} 35. Ba6 {[%clk 0:23:19]} Kf7
{[%clk 0:14:06]} 36. Bb5 {[%clk 0:23:19]} h6 {[%clk 0:14:06]} 37. h4 {[%clk
0:23:19]} g5 {[%clk 0:14:06]} 38. hxg5 {[%clk 0:23:19]} hxg5 {[%clk 0:14:06]}
39. e4 {[%clk 0:23:19]} g4 {[%clk 0:14:06]} 40. exf5 {[%clk 0:23:19]} g3#
{[%clk 0:14:06]} 0-1

[Event "DVM U20 2018"]
[Site "Osnabrück GER"]
[Date "2018.12.28"]
[Round "3"]
[White "Poghosyan, Tigran"]
[Black "Rössel, Louis"]
[Result "1-0"]
[Termination "normal"]
[Board "4.2"]
[WhiteElo "2187"]
[BlackElo "1977"]
[WhiteClock "00:27:08"]
[BlackClock "00:51:06"]
[WhiteTeam "Lübecker SV"]
[BlackTeam "FVS ASP Hoyerswerda"]
[PlyCount "63"]
[WhiteFideId "12909319"]
[BlackFideId "12966398"]
[EventCountry "GER"]
[EventRounds "7"]
[EventType "team-swiss"]
[EventDate "2018.12.26"]

1. e4 {[%clk 1:30:59]} c5 {[%clk 1:30:54]} 2. Nf3 {[%clk 1:31:22]} d6 {[%clk
1:31:17]} 3. d4 {[%clk 1:31:49]} cxd4 {[%clk 1:31:41]} 4. Qxd4 {[%clk 1:32:16]}
Nc6 {[%clk 1:31:15]} 5. Bb5 {[%clk 1:32:28]} Bd7 {[%clk 1:31:38]} 6. Qd3 {[%clk
1:32:41]} g6 {[%clk 1:30:18]} 7. c4 {[%clk 1:32:56]} Bg7 {[%clk 1:30:30]} 8.
Nc3 {[%clk 1:33:20]} Nf6 {[%clk 1:30:44]} 9. O-O {[%clk 1:33:43]} O-O {[%clk
1:31:03]} 10. h3 {[%clk 1:34:02]} a6 {[%clk 1:30:19]} 11. Bxc6 {[%clk 1:34:14]}
Bxc6 {[%clk 1:30:20]} 12. Nd4 {[%clk 1:33:29]} Rc8 {[%clk 1:21:25]} 13. Be3
{[%clk 1:32:13]} Nd7 {[%clk 1:17:03]} 14. Rac1 {[%clk 1:31:41]} Nc5 {[%clk
1:15:53]} 15. Qc2 {[%clk 1:32:01]} Qd7 {[%clk 1:15:46]} 16. Rfd1 {[%clk
1:13:17]} b6 {[%clk 1:08:10]} 17. Nd5 {[%clk 0:53:50]} Qb7 {[%clk 1:06:56]} 18.
Nxc6 {[%clk 0:43:34]} Rxc6 {[%clk 1:06:56]} 19. b4 {[%clk 0:43:42]} Ne6 {[%clk
1:05:36]} 20. Qd3 {[%clk 0:41:33]} Rfc8 {[%clk 0:58:24]} 21. a4 {[%clk
0:37:08]} b5 {[%clk 0:53:22]} 22. cxb5 {[%clk 0:35:24]} Rxc1 {[%clk 0:52:12]}
23. Rxc1 {[%clk 0:35:44]} Rxc1+ {[%clk 0:52:26]} 24. Bxc1 {[%clk 0:36:12]} axb5
{[%clk 0:52:10]} 25. axb5 {[%clk 0:25:04]} Nd4 {[%clk 0:51:41]} 26. b6 {[%clk
0:25:03]} e6 {[%clk 0:51:48]} 27. Be3 {[%clk 0:25:29]} exd5 {[%clk 0:51:37]}
28. Bxd4 {[%clk 0:25:55]} dxe4 {[%clk 0:51:14]} 29. Qc3 {[%clk 0:26:21]} Bxd4
{[%clk 0:51:03]} 30. Qxd4 {[%clk 0:26:50]} Qc6 {[%clk 0:51:10]} 31. b5 {[%clk
0:26:43]} Qxb5 {[%clk 0:51:06]} 32. Qxd6 {[%clk 0:27:08]} 1-0